000 00667nam a2200241Ia 4500
003 OSt
005 20220928125836.0
006 a|||||r|||| 00| 0
007 ta
008 220927b |||||||| |||| 00| 0 eng d
024 _a129221
037 _cTextual
040 _aSDCL
_cSDCL
_beng
041 _2eng
_aeng
082 _aRxM74, H9
100 _aSchilpp Paul Arthur
_9423123
245 0 _aPhilosophy of ernst cassirer.
260 _aIllinois
_bOpen Court Publishing
_c1949
300 _axviii,936p.
_ccm.
490 _aThe library of living philosophers.
942 _hRxM74, H9
_cTEXL
_2CC
999 _c784379
_d784379